Die größten Städte Deutschlands mit H - Statistiken

Allgemein
  • Dieses Quiz wurde 390 mal gespielt
  • Das Durchschnittsergebnis liegt bei 6 aus 14
Antwortstatistiken
Bundesland Stadt % Korrekt
- Hamburg
94%
Niedersachsen Hannover
92%
Baden-Württemberg Heidelberg
73%
Nordrhein-Westfallen Hagen
71%
Sachsen-Anhalt Halle (Saale)
68%
Hessen Hanau
65%
Saarland Homburg
54%
Bayern Hof (Saale)
52%
Sachsen Hoyerswerda
25%
Schleswig-Holstein Henstedt-Ulzburg
11%
Mecklenburg-Vorpommern Hagenow
10%
Rheinland-Pfalz Haßloch
10%
Brandenburg Hennigsdorf
10%
Thüringen Heilbad Heiligenstadt
8%
Keine übereinstimmenden Quizze gefunden
Verteilung der Resultate
Anzahl Personen mit jedem Resultat
Perzentil nach korrekt beantworteten Fragen
Ihre Resultats-Entwicklung
Sie haben dieses Quiz noch nicht gespielt